000 00427nam a2200193Ia 4500
005 20250603145403.0
008 250603s9999 xx 000 0 und d
020 _a9785144666
050 _aKP 133 .A3/
100 _aAgomo, C.K.
245 0 _aModern Nigeria law of insurance
250 _a2nd ed.
260 _aLagos
260 _bConcept pub.
260 _c2013
300 _a307 p
650 _aLagos
942 _cBK
999 _c41710
_d41710